Vida humana, sociedad y derecho. Fundamentación de la filosofía del derecho

Сохранить в:
Библиографические подробности
Главный автор: Recasens Siches, Luis (Автор)
Формат:
Язык:испанский
Опубликовано: Ciudad de México La Casa de España en México 1939
Предметы:
Метки: Добавить метку
Нет меток, Требуется 1-ая метка записи!

MARC

LEADER 00000nam a2200000 a 4500
001 UCR4670
003 CL-VaPUC
008 980313e19390000MX |||||||||||||||||spa|d
082 0 4 |a 340.1  |b REC  |2 21 
100 0 |a Recasens Siches, Luis  |e author  |9 394390 
245 1 0 |a Vida humana, sociedad y derecho. Fundamentación de la filosofía del derecho 
300 |a 381 p 
942 |c BK 
945 |d 19980313 00:00:00  |a aolguin 
260 |a Ciudad de México  |b La Casa de España en México  |c 1939 
650 0 |a Filosofía del derecho   |9 255050 
650 0 |a Naturaleza humana   |9 308593 
650 0 |a Derecho natural   |9 255041 
650 0 |a Cultura  |9 269059 
650 7 |a NORMAS  |2 CL-VaPUC  |9 259606 
650 0 |a Sociedad  |9 307903 
650 7 |a ORDEN SOCIAL  |2 CL-VaPUC  |9 384516 
650 7 |a TRATO SOCIAL  |2 CL-VaPUC  |9 395774 
650 0 |a Deber jurídico  |9 394360 
650 7 |a PERSONA  |2 CL-VaPUC  |9 327934 
650 0 |a Personalidad jurídica   |9 315329 
650 0 |a Fuentes del derecho   |9 255162 
650 0 |a Derecho positivo  |9 255911 
650 0 |a Estado  |9 255503 
650 0 |a Estado y derecho  |9 255403 
583 |a last modification  |c 19980313 00:00:00  |k Rodrigo Vera 
999 |c 267569  |d 267567 
952 |0 0  |1 0  |4 0  |6 340_100000000000000_REC_1939  |7 0  |8 P  |9 299963  |a BIBDER  |b BIBDER  |d 2019-11-20  |i 196142K  |o 340.1 REC 1939  |p 196142K  |r 2023-01-25  |w 2019-11-20  |y BK  |k DER